On This Day: September 2nd Quiz Stats

Quiz Updated Sep 2, 2017

Challenge
Share
Tweet
Embed
Score 0/7 Timer 03:00
0 Plays Today
Question Answer Wrong Answers
The Great Fire of ______ breaks out and burns for three days, destroying nearly 10,000 buildings, including St Paul's Cathedral.
1666
London
92.5%
Paris
5.3%
New Amsterdam
1.2%
Berlin
1%
Arthur Rose Eldred is awarded the first ______ Scout award of the Boy Scouts of America.
1912
Eagle
88.4%
Lion
1.7%
Tiger
1.4%
Bear
5.2%
This Canadian actor, who has starred in action thrillers like ‘Point Break’ and ‘Speed’, is born.
1964
Keanu Reeves
87.9%
Tom Cruise
4.5%
Johnny Depp
2%
Brad Pitt
1.9%
Vice President of the United States Theodore Roosevelt utters the famous phrase ‘Speak ______ and carry a big stick’ at the Minnesota State Fair.
1901
Softly
83%
Calmly
4.8%
Directly
1.7%
Loudly
8%
This United States federal executive department, first headed by Alexander Hamilton, is founded.
1789
Department of the Treasury
77.6%
Department of State
9%
Department of Justice
8.9%
Department of the Interior
2.5%
After $6.4 billion is spent to repair damage from the 1989 Loma Prieta earthquake, the eastern span replacement of this bridge opens to traffic.
2013
San Francisco–Oakland Bay Bridge
58.4%
Golden Gate Bridge
26.1%
Benicia–Martinez Bridge
8.8%
Dumbarton Bridge
2.8%
The Interim Government of India is formed, headed by ______ as Vice President with the powers of a Prime Minister.
1946
Jawaharlal Nehru
48.5%
Mahatma Gandhi
27.2%
Indira Gandhi
19.2%
Vallabhbhai Patel
1.6%

Today's Daily Dose

Missing Word
1998 A-Z Movies

Word Ladder
5 Vowel Sounds

Quick Pick
Legal Terms

On This Day
June 25th II

You're not logged in!

Compare scores with friends on all Sporcle quizzes.
Join for Free
OR
Log In

You Might Also Like...

Show Comments

Extras

Top Quizzes Today


Score Distribution

Your Account Isn't Verified!

In order to create a playlist on Sporcle, you need to verify the email address you used during registration. Go to your Sporcle Settings to finish the process.

Report this User

Report this user for behavior that violates our Community Guidelines.

Details: